000 00865nam a2200253 i 4500
001 175364
003 ES-MaACL
005 20230906215817.0
007 t|
008 101025s1972 sp o r ||||1| spa d
080 _a738 Cumella, Antoni
080 _a929 Cumella, Antoni
100 1 _aVallès, Romà (
_d1923-)
_9112885
245 1 0 _aCumella /
_cRomán Vallés.
260 _a[Madrid :
_bDirección General de Bellas Artes,
_c1972]
300 _a70 p. :
_bfot. col. y n. ;
_c17 cm.
490 1 _aArtistas españoles contemporáneos. Ceramistas ;
_v30
504 _aBibliografía: p. 65-70.
600 0 4 _aCumella, Antoni.
_9143726
710 1 _aEspaña.
_bDirección General de Bellas Artes.
_93704
830 0 _aArtistas españoles contemporáneos. Ceramistas ;
_v30
_9189685
852 _aES-MaACL
_j2261-F-31
_xOlim P-1916
999 _c175364
_d175364